| 000 | 004400000a22001690004500 | ||
|---|---|---|---|
| 003 | MACL | ||
| 005 | 20160105120152.0 | ||
| 008 | 160105b xxu||||| |||| 00| 0 eng d | ||
| 040 |
_aMACL _cMACL |
||
| 041 | _aEnglish | ||
| 082 | _a821/HER | ||
| 100 |
_aSharp, William _927782 |
||
| 245 | _aDramatic Sonnets Poems and Ballads | ||
| 260 |
_bThe Walter Scott publishing co Ltd _aLondon |
||
| 650 |
_aPoetry _927783 |
||
| 942 |
_cBK _k821/HER _2ddc |
||
| 999 |
_c39439 _d39439 |
||